00607nam a22002537a 4500003000500000005001700005008004100022010001000063011001000073035001000083040000900093100001800102245004600120260003700166300000900203490001800212650001700230650001400247650002100261650001600282700001600298700002100314830001800335CHAP20220329134045.0971013s1979 r 00010 d a14757 a15729 a19805 cCHAP00aGrac, Pierre.1 aSobre la cuestión agraría y campesina aBarcelona :bFontamara,c(1979?) a96 p aAportesv; 1114aCampesinado.14aMarxismo.14aReforma agraria.14aSocialismo.0 aArdling, G.0 aCavailhes, Jean.0 aAportesv; 11